000 00612nam a22002057a 4500
003 KOHA_MİRAKIL
005 20260407074629.0
008 260401b tu ||||| |||| 00| 0 tur d
020 _a9786057829245
040 _aTR-AnABB
_btur
_cTR-AnABB
041 _atur
082 _a320.5409561
_bGOK 2019
100 1 _aGökalp, Ziya,
_d1876-1924
245 1 0 _aTürkleşmek,islamlaşmak,muasırlaşmak /
_cZiya Gökalp
260 _aİstanbul :
_bKarbon Kitaplar,
_c2019
300 _a162 sayfa ;
_c20 cm
650 0 4 _aMilliyetçilik, Türkiye
900 _bCan ÇELIK
942 _2ddc
_cBK
999 _c10138
_d10138